000 00711nam a2200289Ia 4500
005 20260324140944.0
008 008 260324s9999 xx 000 0 eng d
020 _a9781315050232
037 _aEBOOK
040 _aCRL
040 _beng
040 _cCRL
041 _2eng
041 _aeng
084 _qCRL
100 _aConnie L. McNeely
_91206368
245 0 _aPublic Rights, Public Rules
245 0 _bConstituting Citizens in the World Polity and National Policy
260 _bTaylor and Francis
260 _c1998
365 _a
365 _b170
856 _uhttp://www.taylorfrancis.com/books/9781315050232
942 _cEBOOK
999 _c1808956
_d1808956